000
00347pam a2200157a 44500
008
230515b2007 xxu||||| |||| 00| 0 eng d
020
_a
NULL
041
_a
ENGLISH
082
_a
0
100
_a
AXELSON JAN
245
_a
SERIAL PORT COMPLETE
250
_a
0
260
_a
_b
PENRAM INTEMATIONAL INDIA
_c
2007
300
_a
287
650
_a
NULL
999
_c
590959
_d
590959